| Поле | Название | Значение |
| |
Тип записи |
c |
| |
Библиографический уровень |
m |
| 001 |
Контрольный номер |
UONB/NOTY/0e99c043ab9f4fb6962bf8d5bb626ef8 |
| 005 |
Дата корректировки |
20250520122656.5 |
| 010 |
Индекс ISBN |
__ |
| 9 |
Тираж |
72145 экз. |
| 013 |
Номер (ISMN) |
__ |
| d |
Цена |
25 к. |
| 100 |
Данные общей обработки |
__ |
| a |
Данные общей обработки |
20220804d1986 u##y0rusy0189## ca |
| 101 |
Язык документа |
0_ |
| a |
Язык текста |
rus |
| f |
Язык титульного листа |
rus |
| 102 |
Страна публикации |
__ |
| a |
Страна публикации |
RU |
| 125 |
Кодированные данные звукозаписи и нотных изданий |
__ |
| a |
Форма изложения нотного текста |
m |
| 128 |
Кодированные данные (звукозаписи-физические характеристики) |
__ |
| a |
Кодированные данные: Музыкальная форма и тональность или лад |
sg |
| b |
Инструменты или голоса, необходимые для ансамблей (устаревшее) |
cu |
| b |
Инструменты или голоса, необходимые для ансамблей (устаревшее) |
cd |
| c |
Инструменты или голоса, рекомендуемые для солистов (устаревшее) |
vu |
| 200 |
Заглавие и сведения об ответственности |
1_ |
| a |
Заглавие |
Поет хор |
| e |
Сведения, относящиеся к заглавию |
[разные составы с сопровожд. баяна, балалайки и без сопровожд.] |
| g |
Последующие сведения об ответственности |
перелож. для баяна выполнены В. Букиным |
| f |
Первые сведения об ответственности |
сост. В. В. Золотарев |
| 203 |
Вид содержания и тип средства |
__ |
| a |
Вид содержания |
Музыка |
| b |
Характеристика содержания |
знаковая |
| c |
Тип средства |
непосредственная |
| 210 |
Выходные данные |
1_ |
| a |
Место издания |
Москва |
| c |
Издательство |
Советская Россия |
| d |
Дата издания |
1986 |
| 215 |
Физическое описание |
__ |
| d |
Формат |
20 см |
| a |
Объем |
128 с. |
| 225 |
Серия |
2_ |
| a |
Серия |
Библиотечка "В помощь художественной самодеятельности" |
| v |
Обозначение тома |
№ 10 |
| 327 |
Примечание о содержании |
01 |
| a |
Примечание о содержании |
Содерж. : Баев А. Ода партии / сл. К. Бобохидзе. - Парцхаладзе М. Гордость / сл. М. Джангазиева. - Федоров В. Нет на свете Родины дороже / сл. А. Прокофьева. - Харютченко А. Привет, Россия! / сл. Н. Рубцова. - Бирнов Л. Любим мы свою Отчизну / сл. В. Шленского. - Львов-Компанеец Д. Земля моя родная / сл. Ю. Полухина. - Ушкарев А. Мой край / сл. С. Есенина. - Золотарев В. Родина светлая / муз. и сл. В. Золотарева. - Дубравин Я. Вечный огонь / сл. М. Садовского. - Фиготин Б. Летучие тучи / сл. Я. Коласа. - Заволокин А., Заволокин Г. Сибирь моя, Сибирь / сл. Ю. Полухина. - Захаров Э. Кострома / сл. Н. Тряпкина. - Громов А. Мое село / сл. Е. Карасева. - Флярковский А. Ищи всему свое начало / сл. М. Дудина. - Кривцов В. Когда душа твоя... / сл. А. Дементьева. - Краснов М. Белая береза / сл. С. Есенина. - Широков А. Погляжу, какой ты милый / сл. А. Твардовского. - Кутузов Н. Помни, родной / сл. Л. Мартынова. - Григоренко В. Гармонь поет / сл. В. Татаринова. - Аверкин А. Тимоня / сл. В. Бокова. - Абрамский А. Пироги / сл. В. Семернина. - Левандо М. Два зимних пейзажа / сл. С. Есенина и А. Блока. - Клюев В. Плясунья / сл. С. Есенина. - Гевиксман В. Жаворонок / сл. В. Жуковского. - Снетков Б. Зимняя песня / сл. В. Семернина. - Голиков В. Я думал, сердце позабыло... / сл. А. Пушкина. - Обработки В. Попова : На калине белый цвет ; Как у наших у ворот : рус. нар. песни. - Обработки М. Фирсова : Подкошена травка... ; По двору, двору... ; Щедрый вечер : рус. нар. песни. |
| 464 |
Аналитический уровень |
_0 |
| 1 |
|
700 1 |
| a |
|
Баев |
| b |
|
А. |
| 1 |
|
702 1 |
| a |
|
Бобохидзе |
| b |
|
К. |
| 4 |
|
520 |
| 1 |
|
2001 |
| a |
|
Ода партии |
| 1 |
|
036 |
| t |
|
Тебя в боях бессмертный создал гений... |
| 464 |
Аналитический уровень |
_0 |
| 1 |
|
700 1 |
| a |
|
Парцхаладзе |
| b |
|
М. |
| 1 |
|
702 1 |
| a |
|
Джангазиев |
| b |
|
М. |
| 4 |
|
520 |
| 1 |
|
2001 |
| a |
|
Гордость |
| 1 |
|
036 |
| t |
|
Недаром землю матерью зовут... |
| 464 |
Аналитический уровень |
_0 |
| 1 |
|
700 1 |
| a |
|
Федоров |
| b |
|
В. |
| 1 |
|
702 1 |
| a |
|
Прокофьев |
| b |
|
А. |
| 4 |
|
520 |
| 1 |
|
2001 |
| a |
|
Нет на свете Родины дороже |
| 1 |
|
036 |
| t |
|
Где в реках стремительные воды... |
| 464 |
Аналитический уровень |
_0 |
| 1 |
|
700 1 |
| a |
|
Харютченко |
| b |
|
А. |
| 1 |
|
702 1 |
| a |
|
Рубцов |
| b |
|
Н. |
| 4 |
|
520 |
| 1 |
|
2001 |
| a |
|
Привет, Россия! |
| 1 |
|
036 |
| t |
|
Привет, Россия - Родина моя... |
| 464 |
Аналитический уровень |
_0 |
| 1 |
|
700 1 |
| a |
|
Бирнов |
| b |
|
Л. |
| 1 |
|
702 1 |
| a |
|
Шленский |
| b |
|
В. |
| 4 |
|
520 |
| 1 |
|
2001 |
| a |
|
Любим мы свою Отчизну |
| 1 |
|
036 |
| t |
|
Зелены сады и нивы... |
| 464 |
Аналитический уровень |
_0 |
| 1 |
|
700 1 |
| a |
|
Львов-Компанеец |
| b |
|
Д. |
| 1 |
|
702 1 |
| a |
|
Полухин |
| b |
|
Ю. |
| 4 |
|
520 |
| 1 |
|
2001 |
| a |
|
Земля моя родная |
| 1 |
|
036 |
| t |
|
Чем я даль твою измерю... |
| 464 |
Аналитический уровень |
_0 |
| 1 |
|
700 1 |
| a |
|
Ушкарев |
| b |
|
А. |
| 1 |
|
702 1 |
| a |
|
Есенин |
| b |
|
С. |
| 4 |
|
520 |
| 1 |
|
2001 |
| a |
|
Мой край |
| 1 |
|
036 |
| t |
|
Мелколесье. Степь и дали... |
| 464 |
Аналитический уровень |
_0 |
| 1 |
|
700 1 |
| a |
|
Золотарев |
| b |
|
В. |
| 1 |
|
702 1 |
| a |
|
Золотарев |
| b |
|
В. |
| 4 |
|
520 |
| 1 |
|
2001 |
| a |
|
Родина светлая |
| 1 |
|
036 |
| t |
|
Родина светлая!.. |
| 464 |
Аналитический уровень |
_0 |
| 1 |
|
700 1 |
| a |
|
Дубравин |
| b |
|
Я. |
| 1 |
|
702 1 |
| a |
|
Садовский |
| b |
|
М. |
| 4 |
|
520 |
| 1 |
|
2001 |
| a |
|
Вечный огонь |
| 1 |
|
036 |
| t |
|
Вечный огонь у Кремлевской стены... |
| 464 |
Аналитический уровень |
_0 |
| 1 |
|
700 1 |
| a |
|
Фиготин |
| b |
|
Б. |
| 1 |
|
702 1 |
| a |
|
Колас |
| b |
|
Я. |
| 4 |
|
520 |
| 1 |
|
2001 |
| a |
|
Летучие тучи |
| 1 |
|
036 |
| t |
|
Летучие тучи... |
| 464 |
Аналитический уровень |
_0 |
| 1 |
|
700 1 |
| a |
|
Заволокин |
| b |
|
А. |
| 1 |
|
701 1 |
| a |
|
Заволокин |
| b |
|
Г. |
| 1 |
|
702 1 |
| a |
|
Полухин |
| b |
|
Ю. |
| 4 |
|
520 |
| 1 |
|
2001 |
| a |
|
Сибирь моя, Сибирь... |
| 1 |
|
036 |
| t |
|
Какой тебя измерить мерой... |
| 464 |
Аналитический уровень |
_0 |
| 1 |
|
700 1 |
| a |
|
Захаров |
| b |
|
Э. |
| 1 |
|
702 1 |
| a |
|
Тряпкин |
| b |
|
Н. |
| 4 |
|
520 |
| 1 |
|
2001 |
| a |
|
Кострома |
| 1 |
|
036 |
| t |
|
Есть город на свете. Зовут - Кострома... |
| 464 |
Аналитический уровень |
_0 |
| 1 |
|
700 1 |
| a |
|
Громов |
| b |
|
А. |
| 1 |
|
702 1 |
| a |
|
Карасев |
| b |
|
Е. |
| 4 |
|
520 |
| 1 |
|
2001 |
| a |
|
Мое село |
| 1 |
|
036 |
| t |
|
Мое село, село родное... |
| 464 |
Аналитический уровень |
_0 |
| 1 |
|
700 1 |
| a |
|
Флярковский |
| b |
|
А. |
| 1 |
|
702 1 |
| a |
|
Дудин |
| b |
|
М. |
| 4 |
|
520 |
| 1 |
|
2001 |
| a |
|
Ищи всему свое начало |
| 1 |
|
036 |
| t |
|
Ищи всему свое начало... |
| 464 |
Аналитический уровень |
_0 |
| 1 |
|
700 1 |
| a |
|
Кривцов |
| b |
|
В. |
| 1 |
|
702 1 |
| a |
|
Дементьев |
| b |
|
А. |
| 4 |
|
520 |
| 1 |
|
2001 |
| a |
|
Когда душа твоя... |
| 1 |
|
036 |
| t |
|
Когда душа твоя устанет быть душой... |
| 464 |
Аналитический уровень |
_0 |
| 1 |
|
700 1 |
| a |
|
Краснов |
| b |
|
М. |
| 1 |
|
702 1 |
| a |
|
Есенин |
| b |
|
С. |
| 4 |
|
520 |
| 1 |
|
2001 |
| a |
|
Белая береза |
| 1 |
|
036 |
| t |
|
Белая береза под моим окном... |
| 464 |
Аналитический уровень |
_0 |
| 1 |
|
700 1 |
| a |
|
Широков |
| b |
|
А. |
| 1 |
|
702 1 |
| a |
|
Твардовский |
| b |
|
А. |
| 4 |
|
520 |
| 1 |
|
2001 |
| a |
|
Погляжу, какой ты милый |
| 1 |
|
036 |
| t |
|
Погляжу, какой ты милый... |
| 464 |
Аналитический уровень |
_0 |
| 1 |
|
700 1 |
| a |
|
Кутузов |
| b |
|
Н. |
| 1 |
|
702 1 |
| a |
|
Мартынов |
| b |
|
Л. |
| 4 |
|
520 |
| 1 |
|
2001 |
| a |
|
Помни, родной |
| 1 |
|
036 |
| t |
|
Вишня, что с тобой сажали... |
| 464 |
Аналитический уровень |
_0 |
| 1 |
|
700 1 |
| a |
|
Григоренко |
| b |
|
В. |
| 1 |
|
702 1 |
| a |
|
Татаринов |
| b |
|
В. |
| 4 |
|
520 |
| 1 |
|
2001 |
| a |
|
Гармонь поет |
| 1 |
|
036 |
| t |
|
Ах, песня, песня, сердце тронь... |
| 464 |
Аналитический уровень |
_0 |
| 1 |
|
700 1 |
| a |
|
Аверкин |
| b |
|
А. |
| 1 |
|
702 1 |
| a |
|
Боков |
| b |
|
В. |
| 4 |
|
520 |
| 1 |
|
2001 |
| a |
|
Тимоня |
| 1 |
|
036 |
| t |
|
У веселого парня Тимони... |
| 464 |
Аналитический уровень |
_0 |
| 1 |
|
700 1 |
| a |
|
Абрамский |
| b |
|
А. |
| 1 |
|
702 1 |
| a |
|
Семернин |
| b |
|
В. |
| 4 |
|
520 |
| 1 |
|
2001 |
| a |
|
Пироги |
| 1 |
|
036 |
| t |
|
Позову своих дружков, да... |
| 464 |
Аналитический уровень |
_0 |
| 1 |
|
700 1 |
| a |
|
Левандо |
| b |
|
М. |
| 1 |
|
702 1 |
| a |
|
Есенин |
| b |
|
С. |
| 4 |
|
520 |
| 1 |
|
702 1 |
| a |
|
Блок |
| b |
|
А. |
| 4 |
|
520 |
| 1 |
|
2001 |
| a |
|
Два зимних пейзажа |
| 1 |
|
036 |
| t |
|
Снежная равнина... |
| t |
|
Разыгралась вьюга... |
| 464 |
Аналитический уровень |
_0 |
| 1 |
|
700 1 |
| a |
|
Клюев |
| b |
|
В. |
| 1 |
|
702 1 |
| a |
|
Есенин |
| b |
|
С. |
| 4 |
|
520 |
| 1 |
|
2001 |
| a |
|
Плясунья |
| 1 |
|
036 |
| t |
|
Ты играй, гармонь, под трензель... |
| 464 |
Аналитический уровень |
_0 |
| 1 |
|
700 1 |
| a |
|
Гевиксман |
| b |
|
В. |
| 1 |
|
702 1 |
| a |
|
Жуковский |
| b |
|
В. |
| 4 |
|
520 |
| 1 |
|
2001 |
| a |
|
Жаворонок |
| 1 |
|
036 |
| t |
|
На солнце темный лес зардел... |
| 464 |
Аналитический уровень |
_0 |
| 1 |
|
700 1 |
| a |
|
Снетков |
| b |
|
Б. |
| 1 |
|
702 1 |
| a |
|
Семернин |
| b |
|
В. |
| 4 |
|
520 |
| 1 |
|
2001 |
| a |
|
Зимняя песня |
| 1 |
|
036 |
| t |
|
Примерзли к озерам мохнатые ели... |
| 464 |
Аналитический уровень |
_0 |
| 1 |
|
700 1 |
| a |
|
Голиков |
| b |
|
В. |
| 1 |
|
702 1 |
| a |
|
Пушкин |
| b |
|
А. |
| 4 |
|
520 |
| 1 |
|
2001 |
| a |
|
Я думал, сердце позабыло... |
| 1 |
|
036 |
| t |
|
Я думал, сердце позабыло... |
| 464 |
Аналитический уровень |
_0 |
| 1 |
|
702 1 |
| a |
|
Попов |
| b |
|
В. |
| 4 |
|
030 |
| 1 |
|
2001 |
| a |
|
На калине белый цвет |
| e |
|
рус. нар. песня |
| 1 |
|
036 |
| t |
|
На калине белый цвет... |
| 464 |
Аналитический уровень |
_0 |
| 1 |
|
702 1 |
| a |
|
Попов |
| b |
|
В. |
| 4 |
|
030 |
| 1 |
|
2001 |
| a |
|
Как у наших у ворот |
| e |
|
рус. нар. песня |
| 1 |
|
036 |
| t |
|
Как у наших у ворот, да... |
| 464 |
Аналитический уровень |
_0 |
| 1 |
|
702 1 |
| a |
|
Фирсов |
| b |
|
М. |
| 4 |
|
030 |
| 1 |
|
2001 |
| a |
|
Подкошена травка... |
| e |
|
рус. нар. песня |
| 1 |
|
036 |
| t |
|
Подкошена трав(ы)ка, да... |
| 464 |
Аналитический уровень |
_0 |
| 1 |
|
702 1 |
| a |
|
Фирсов |
| b |
|
М. |
| 4 |
|
030 |
| 1 |
|
2001 |
| a |
|
По двору, двору... |
| e |
|
рус. нар. песня |
| 1 |
|
036 |
| t |
|
Эх, по д(ы)вору, д(ы)вору, да... |
| 464 |
Аналитический уровень |
_0 |
| 1 |
|
702 1 |
| a |
|
Фирсов |
| b |
|
М. |
| 4 |
|
030 |
| 1 |
|
2001 |
| a |
|
Щедрый вечер |
| e |
|
рус. нар. песня |
| 1 |
|
036 |
| t |
|
Щедрый вечер добрым людям!.. |
| 512 |
Заглавие обложки |
1_ |
| a |
Заглавие обложки |
Поет хор |
| 606 |
Тематические рубрики |
0_ |
| a |
Основная рубрика |
Хоровое пение |
| x |
Основная подрубрика |
Хоровые произведения |
| x |
Основная подрубрика |
Песни о Родине |
| x |
Основная подрубрика |
Массовые песни |
| x |
Основная подрубрика |
Лирические песни |
| x |
Основная подрубрика |
Детские хоры |
| y |
Географическая подрубрика |
Россия |
| z |
Хронологическая подрубрика |
20 в. |
| 610 |
Ключевые слова |
0_ |
| a |
Ключевые слова |
хоровое пение; песни советских композиторов; песни о Родине; массовые песни; лирические песни; детские хоры |
| 686 |
Индексы других классификаций |
__ |
| a |
Классификационный индекс |
85.941.0-041(2)я436 |
| 2 |
Код системы |
rubbk |
| 702 |
Вторичная интеллектуальная ответственность |
_1 |
| a |
Фамилия |
Золотарев |
| b |
Имя (инициалы) |
В. В. |
| 4 |
Код отношения |
220 |
| 702 |
Вторичная интеллектуальная ответственность |
_1 |
| a |
Фамилия |
Букин |
| b |
Имя (инициалы) |
В. |
| 4 |
Код отношения |
030 |
| 801 |
Источник записи |
_0 |
| a |
Страна |
RU |
| b |
Организация |
Ульяновская ОНБ |
| c |
Дата составления |
20220804 |
| g |
Правила каталогизации |
RCR |
| 801 |
Источник записи |
_1 |
| a |
Страна |
RU |
| b |
Организация |
Ульяновская ОНБ |
| c |
Дата составления |
20220804 |
| g |
Правила каталогизации |
RCR |
| 901 |
Тип документа |
__ |
| t |
Тип документа |
m |
| 909 |
Создатель записи |
__ |
| a |
Создатель записи |
Никитина Т. А. |